[Event "11th Dubai Open 2009"]
[Site "Dubai"]
[Date "2009.05.04"]
[Round "9.5"]
[White "Bachmann Axel"]
[Black "Volkov Sergey"]
[Result "0-1"]
[WhiteElo "2555"]
[BlackElo "2594"]
[PlyCount "88"]
[EventDate "2009.04.26"]
[WhiteTeam "Armenia"]
[BlackTeam "India"]
[WhiteTeamCountry "ARM"]
[BlackTeamCountry "IND"]

1. c4 e5 2. Nc3 Bb4 3. Qc2 Nf6 4. Nf3 Qe7 5. e4 Bxc3 6. bxc3 d6 7. Rb1 O-O 8.
d3 Nbd7 9. g3 Nc5 10. Bg2 Ne8 11. Nh4 g6 12. O-O Ng7 13. Be3 b6 14. d4 Nce6 {
Diagram #} 15. Nf5 gxf5 16. exf5 Nxd4 17. cxd4 Bxf5 18. Be4 exd4 19. Bxf5 Nxf5
20. Qxf5 dxe3 21. Rbe1 Qe5 22. Qxe5 dxe5 23. Rxe3 f6 24. f4 exf4 25. Rxf4 Rad8
26. Re6 Kg7 27. Rg4+ Kf7 28. Rc6 Rd7 29. Rf4 Ke7 30. c5 Rd1+ 31. Kg2 Rd2+ 32.
Kh3 Kd7 33. Rcxf6 Rxf6 34. Rxf6 bxc5 35. Ra6 c4 36. Rxa7 c3 37. Ra3 Rd3 38. Rb3
Kc6 39. Rb1 Kc5 40. a4 Rd2 41. Rc1 Kb4 42. a5 c2 43. a6 Kb3 44. a7 Rd8 0-1

[Event "11th Dubai Open 2009"]
[Site "Dubai"]
[Date "2009.05.04"]
[Round "9.6"]
[White "Ghaem Maghami Ehsan"]
[Black "Ibrahimov Rasul"]
[Result "1/2-1/2"]
[WhiteElo "2593"]
[BlackElo "2537"]
[PlyCount "53"]
[EventDate "2009.04.26"]
[WhiteTeam "Iran"]
[BlackTeam "Aserbeidschan"]
[WhiteTeamCountry "IRI"]
[BlackTeamCountry "AZE"]

1. e4 c5 2. Nc3 d6 3. Nge2 Nf6 4. g3 Nc6 5. Bg2 g6 6. O-O Bg7 7. d3 O-O 8. h3
Rb8 9. Be3 e5 10. f4 exf4 11. Nxf4 b5 12. Qd2 b4 13. Nce2 Nd7 14. Rab1 Nd4 15.
Nxd4 cxd4 16. Bf2 Nc5 17. Ne2 Ne6 18. h4 a5 19. c3 dxc3 20. bxc3 Ba6 21. cxb4
axb4 22. Rfd1 Qa5 23. d4 Bc4 24. Nc1 Rfc8 25. Bh3 d5 26. e5 Bf8 27. Rb2 1/2-1/2

[Event "11th Dubai Open 2009"]
[Site "Dubai"]
[Date "2009.05.04"]
[Round "9.7"]
[White "Kotsur Pavel"]
[Black "Neverov Valeriy"]
[Result "0-1"]
[WhiteElo "2589"]
[BlackElo "2552"]
[PlyCount "148"]
[EventDate "2009.04.26"]
[WhiteTeam "Irán"]
[BlackTeam "Azerbaiyán"]
[WhiteTeamCountry "IRI"]
[BlackTeamCountry "AZE"]

1. e4 Nf6 2. e5 Nd5 3. d4 d6 4. Nf3 Bg4 5. Be2 e6 6. O-O Be7 7. c4 Nb6 8. Be3
O-O 9. Nc3 Nc6 10. exd6 cxd6 11. d5 Bxf3 12. Bxf3 Ne5 13. dxe6 Nxf3+ 14. Qxf3
fxe6 15. Qg4 Rf6 16. Rae1 Qc8 17. Bxb6 axb6 18. Re4 Bf8 19. a3 Ra5 20. Qe2 Raf5
21. f3 Rf4 22. Rd1 Rxe4 23. Nxe4 Rf5 24. Kh1 Qd7 25. Qd3 b5 26. b4 bxc4 27.
Qxc4 d5 28. Qd3 Qa4 29. Ng3 Re5 30. Ra1 Qa7 31. Qd2 Qe3 32. Qxe3 Rxe3 33. Kg1
Rb3 34. Ra2 Bd6 35. Nf1 Bf4 36. Kf2 Bc1 37. Re2 Kf7 38. Rc2 Bxa3 39. Rc7+ Kf6
40. Rxb7 Bxb4 41. Ke2 Rb2+ 42. Kd3 Rf2 43. Ng3 Rd2+ 44. Ke3 Rb2 45. Kd3 g6 46.
Ne2 Rb3+ 47. Kc2 Re3 48. Nd4 Rc3+ 49. Kd2 Rc4+ 50. Kd3 Bc5 51. Nb3 Be7 52. Nd4
h5 53. g3 Bc5 54. Nb3 Bg1 55. h3 Bf2 56. g4 h4 57. Rb8 g5 58. Ra8 Ke5 59. Ra2
Bb6 60. Ra6 Bd4 61. Kd2 Bc3+ 62. Ke3 Bb4 63. Ke2 Rc2+ 64. Kd1 Rc3 65. Nc1 Ba3
66. Ne2 Rd3+ 67. Ke1 Bb4+ 68. Kf2 Bc5+ 69. Kg2 Rd2 70. Kf1 Rd1+ 71. Kg2 Re1 72.
Ra2 Be3 73. Nc3 Rg1+ 74. Kh2 Rg3 0-1

[Event "11th Dubai Open 2009"]
[Site "Dubai"]
[Date "2009.05.04"]
[Round "9.8"]
[White "Arutinian David"]
[Black "Mchedlishvili Mikheil"]
[Result "0-1"]
[WhiteElo "2548"]
[BlackElo "2586"]
[PlyCount "70"]
[EventDate "2009.04.26"]
[WhiteTeam "Georgien"]
[BlackTeam "Georgien"]
[WhiteTeamCountry "GEO"]
[BlackTeamCountry "GEO"]

1. d4 d5 2. c4 c6 3. Nf3 Nf6 4. Nc3 e6 5. Bg5 dxc4 6. e4 b5 7. e5 h6 8. Bh4 g5
9. Nxg5 hxg5 10. Bxg5 Nbd7 11. exf6 Bb7 12. g3 c5 13. d5 Nxf6 14. Bg2 Be7 15.
O-O Nxd5 16. Bxe7 Kxe7 17. Nxb5 Qb6 18. Na3 {Diagram #} Rh4 19. Qe1 Nf4 20. f3
Nxg2 21. Qd2 Rd4 22. Qxg2 Rad8 23. Rf2 Rd1+ 24. Rxd1 Rxd1+ 25. Rf1 Rxf1+ 26.
Kxf1 c3 27. b3 Ba6+ 28. Kg1 Qa5 29. Nc2 Qxa2 30. Qf2 Kd6 31. Ne1 Qd2 32. h4 Be2
33. h5 c2 34. Nxc2 Qxc2 35. h6 Bd3 0-1

[Event "11th Dubai Open 2009"]
[Site "Dubai"]
[Date "2009.05.04"]
[Round "9.9"]
[White "Hossain Enamul"]
[Black "Pantsulaia Levan"]
[Result "1/2-1/2"]
[WhiteElo "2531"]
[BlackElo "2581"]
[PlyCount "101"]
[EventDate "2009.04.26"]
[WhiteTeam "Georgia"]
[BlackTeam "Georgia"]
[WhiteTeamCountry "GEO"]
[BlackTeamCountry "GEO"]

1. d4 Nf6 2. c4 c5 3. d5 e6 4. Nc3 exd5 5. cxd5 d6 6. e4 g6 7. f3 Bg7 8. Nge2
a6 9. a4 Nbd7 10. Ng3 h5 11. Be2 Rb8 12. Bg5 Qb6 13. Qd2 Qb4 14. Nf1 Ne5 15.
Ne3 Qd4 16. Nc2 Qxd2+ 17. Bxd2 O-O 18. Na3 Ne8 19. h3 f5 20. f4 Nf7 21. exf5
Bxf5 22. g4 hxg4 23. hxg4 Bd7 24. a5 Nf6 25. Rg1 Rfe8 26. O-O-O b5 27. axb6
Rxb6 28. Bf3 Reb8 29. Nc4 Rb4 30. Na5 Rxb2 31. Nc6 Bxc6 32. dxc6 Ne8 33. Rge1
Nc7 34. Re7 Bxc3 35. Bxc3 Rf2 36. Bd5 Nxd5 37. Rxd5 Rc8 38. c7 Kf8 39. Bf6 Rxf4
40. g5 Rc4+ 41. Kd2 Rb4 42. Rd7 Ke8 43. Re7+ Kf8 44. Rd7 Ke8 45. Re7+ Kf8 46.
Rd7 Re4 47. Rd8+ Re8 48. Rd7 Re6 49. Rd8+ Re8 50. Rd7 Re6 51. Rd8+ 1/2-1/2

[Event "11th Dubai Open 2009"]
[Site "Dubai"]
[Date "2009.05.04"]
[Round "9.10"]
[White "Ramnath Bhuvanesh R"]
[Black "Miezis Normunds"]
[Result "0-1"]
[WhiteElo "2273"]
[BlackElo "2579"]
[PlyCount "100"]
[EventDate "2009.04.26"]
[WhiteTeam "Indien"]
[BlackTeam "Lettland"]
[WhiteTeamCountry "IND"]
[BlackTeamCountry "LAT"]

1. e4 c5 2. Nf3 e6 3. d4 cxd4 4. Nxd4 a6 5. Nc3 Qc7 6. Be2 b5 7. O-O Bb7 8. Re1
Nc6 9. Nxc6 dxc6 10. e5 Rd8 11. Bd3 c5 12. Qe2 Ne7 13. a4 b4 14. Ne4 Qc6 15. b3
Nf5 16. Bg5 Rd5 17. Rad1 Nd4 18. Qg4 h6 19. Bf4 h5 20. Qh3 Nf5 21. Ng5 Qd7 22.
Rd2 g6 23. Red1 Be7 24. Nf3 Qc7 25. Bc4 Rxd2 26. Rxd2 Qc6 27. Bd3 Nd4 28. Nxd4
cxd4 29. f3 g5 30. Bg3 Qc5 31. Re2 a5 32. Bf2 Kf8 33. Qg3 Rg8 34. h3 Qc3 35.
Kf1 Bd5 36. h4 gxh4 37. Qf4 {Diagram #} h3 38. gxh3 Bg5 39. Qxd4 Bxf3 40. Qc5+
Be7 41. Qxa5 Bxe2+ 42. Kxe2 Rg5 43. Be3 Qxe5 44. Qa8+ Kg7 45. Kd2 Rg3 46. Bf2
Bg5+ 47. Kd1 Qf4 48. Ke1 Qd2+ 49. Kf1 Qd1+ 50. Be1 Re3 0-1

[Event "11th Dubai Open 2009"]
[Site "Dubai"]
[Date "2009.05.04"]
[Round "9.12"]
[White "Sturua Zurab"]
[Black "Aleksandrov Aleksej"]
[Result "1/2-1/2"]
[WhiteElo "2514"]
[BlackElo "2624"]
[PlyCount "61"]
[EventDate "2009.04.26"]
[WhiteTeam "Georgien"]
[BlackTeam "Belarus"]
[WhiteTeamCountry "GEO"]
[BlackTeamCountry "BLR"]

1. d4 Nf6 2. c4 e6 3. Nf3 d5 4. Nc3 Bb4 5. Bg5 Nbd7 6. cxd5 exd5 7. Qc2 c5 8.
dxc5 h6 9. Bd2 Bxc5 10. e3 O-O 11. Bd3 a6 12. O-O b5 13. Ne2 Bb7 14. Rfc1 Ne4
15. Be1 Re8 16. Qd1 Qe7 17. Ned4 g6 18. a4 b4 19. a5 Bd6 20. Bf1 Rec8 21. Rxc8+
Rxc8 22. Rc1 Rxc1 23. Qxc1 Qd8 24. Nb3 Qb8 25. Qc2 h5 26. h3 Ndf6 27. Nfd4 Bh2+
28. Kh1 Bd6 29. Kg1 Bh2+ 30. Kh1 Bd6 31. Kg1 1/2-1/2

[Event "11th Dubai Open 2009"]
[Site "Dubai"]
[Date "2009.05.04"]
[Round "9.13"]
[White "Guliev Sarhan"]
[Black "Fedorov Alexei"]
[Result "0-1"]
[WhiteElo "2489"]
[BlackElo "2611"]
[PlyCount "66"]
[EventDate "2009.04.26"]
[WhiteTeam "Georgia"]
[BlackTeam "Bielorusia"]
[WhiteTeamCountry "GEO"]
[BlackTeamCountry "BLR"]

1. d4 Nf6 2. c4 g6 3. Nc3 Bg7 4. g3 O-O 5. Bg2 d6 6. Nf3 Nc6 7. O-O a6 8. d5
Na5 9. Nd2 c5 10. Qc2 Rb8 11. b3 b5 12. Rb1 e5 13. dxe6 Bxe6 14. cxb5 axb5 15.
b4 cxb4 16. Rxb4 Qc7 17. Qd3 Nc6 18. Rxb5 {Diagram #} Nb4 19. Qd4 Nfd5 20. Nxd5
Nxd5 21. Qd3 Nb4 22. Rxb4 Rxb4 23. Nb3 Ra4 24. Bf4 Be5 25. Bh6 Rc8 26. Rc1 Rc4
27. Rd1 Qa7 28. Bd5 Bxd5 29. Qxd5 Qxa2 30. Nd2 Rc2 31. Qb7 Qa8 32. Qb3 Rc1 33.
Nf3 R8c3 0-1

[Event "11th Dubai Open 2009"]
[Site "Dubai"]
[Date "2009.05.04"]
[Round "9.14"]
[White "Iordachescu Viorel"]
[Black "Lalith Babu M R"]
[Result "1-0"]
[WhiteElo "2608"]
[BlackElo "2480"]
[PlyCount "95"]
[EventDate "2009.04.26"]
[WhiteTeam "Moldowa"]
[BlackTeam "Indien"]
[WhiteTeamCountry "MDA"]
[BlackTeamCountry "IND"]

1. e4 c6 2. d4 d5 3. e5 Bf5 4. Nf3 e6 5. Be2 Ne7 6. O-O c5 7. c4 Nbc6 8. Na3 a6
9. dxc5 d4 10. Qa4 Ng6 11. Rd1 Bxc5 12. b4 Ba7 13. c5 O-O 14. Nc4 Be4 15. Be3
b5 16. cxb6 Bxb6 17. Nxb6 Qxb6 18. Nxd4 Qxb4 19. Qxb4 Nxb4 20. f3 Bd5 21. a3
Nc6 22. Nxc6 Bxc6 23. f4 Bd5 24. a4 a5 25. g3 Ne7 26. Bc5 Rfe8 27. Bb5 Bc6 28.
Bd6 Bxb5 29. axb5 Nd5 30. Rdb1 Ra7 31. Bc5 Rc7 32. Bd4 Ra8 33. Rc1 Rxc1+ 34.
Rxc1 Kf8 35. Rc6 Rb8 36. b6 Ke8 {Diagram #} 37. f5 exf5 38. Rd6 Ne7 39. Bc5 Nc8
40. Rc6 Ne7 41. Rc7 Nd5 42. Ra7 Nxb6 43. Re7+ Kd8 44. Rxf7 Nd7 45. Bd6 Rb3 46.
Rxg7 Kc8 47. Rg8+ Kb7 48. e6 1-0

[Event "11th Dubai Open 2009"]
[Site "Dubai"]
[Date "2009.05.04"]
[Round "9.15"]
[White "Safarli Eltaj"]
[Black "Priyadharshan K"]
[Result "1-0"]
[WhiteElo "2599"]
[BlackElo "2411"]
[PlyCount "81"]
[EventDate "2009.04.26"]
[WhiteTeam "Moldavia"]
[BlackTeam "India"]
[WhiteTeamCountry "MDA"]
[BlackTeamCountry "IND"]

1. e4 c5 2. Nf3 d6 3. d4 cxd4 4. Nxd4 Nf6 5. Nc3 a6 6. Be3 e5 7. Nf3 Be7 8. Bc4
O-O 9. O-O Nc6 10. Bb3 Na5 11. Qe2 Nxb3 12. axb3 Be6 13. Rfd1 Qc7 14. Bg5 Rac8
15. Bxf6 Bxf6 16. Rac1 Be7 17. Nd5 Bxd5 18. Rxd5 f5 19. exf5 Rxf5 20. c4 Rcf8
21. Rf1 Qb6 22. Nd2 Rf4 23. g3 Rd4 24. Rxd4 Qxd4 25. Ne4 d5 26. Nc3 dxc4 27.
Rd1 Qc5 28. bxc4 h6 29. Rd7 Bg5 30. Ne4 Qc6 31. Rd5 Bf6 32. Rd6 Qc8 33. Qd3 Bd8
34. Rd7 Bb6 35. c5 Bc7 36. Qd5+ Kh8 37. b4 a5 38. bxa5 Bxa5 39. Qxb7 Qxb7 40.
Rxb7 Rc8 41. Kf1 1-0

[Event "11th Dubai Open 2009"]
[Site "Dubai"]
[Date "2009.05.04"]
[Round "9.16"]
[White "Turov Maxim"]
[Black "Moosavian S Hamed"]
[Result "0-1"]
[WhiteElo "2582"]
[BlackElo "2395"]
[PlyCount "104"]
[EventDate "2009.04.26"]
[WhiteTeam "Russland"]
[BlackTeam "Iran"]
[WhiteTeamCountry "RUS"]
[BlackTeamCountry "IRI"]

1. e4 e6 2. Qe2 c5 3. Nf3 Nc6 4. g3 g6 5. Bg2 Bg7 6. d3 Nge7 7. c3 d5 8. O-O
O-O 9. e5 h6 10. h4 b5 11. Re1 a5 12. Bf4 b4 13. Nbd2 Ba6 14. Nf1 a4 15. c4 Nf5
16. Rac1 Rc8 17. N1h2 Kh7 18. Ng4 b3 19. axb3 axb3 20. cxd5 exd5 21. Rxc5 Ncd4
22. Nxd4 Nxd4 23. Qe3 Nc2 24. Rxc2 bxc2 25. Bxh6 Rh8 26. Bxg7 Kxg7 {Diagram #}
27. e6 Qe7 28. Bxd5 Bxd3 29. Qd4+ f6 30. Qxd3 c1=Q 31. Rxc1 Rxc1+ 32. Kg2 Rcc8
33. Ne3 Rcd8 34. b3 Qxe6 35. Bxe6 Rxd3 36. Bc4 Rd4 37. Nd5 Ra8 38. Nf4 Kh6 39.
Nd3 Ra2 40. Nf4 Rdd2 41. Nh3 g5 42. hxg5+ fxg5 43. g4 Kg6 44. Kg3 Rac2 45. Kg2
Kf6 46. Kg3 Rc3+ 47. Kg2 Rd4 48. Be2 Rxb3 49. Bf3 Rd8 50. Kg3 Re8 51. Kg2 Re1
52. Kg3 Rh1 0-1

[Event "11th Dubai Open 2009"]
[Site "Dubai"]
[Date "2009.05.04"]
[Round "9.17"]
[White "Sangupta, Deep"]
[Black "Perunovic, Milos"]
[Result "0-1"]
[WhiteElo "2466"]
[BlackElo "2580"]
[PlyCount "98"]
[EventDate "2009.04.26"]
[WhiteTeam "Rusia"]
[BlackTeam "Irán"]
[WhiteTeamCountry "RUS"]
[BlackTeamCountry "IRI"]

1. e4 c5 2. Nf3 e6 3. d4 cxd4 4. Nxd4 Nc6 5. Nb5 d6 6. c4 Nf6 7. N1c3 a6 8. Na3
Be7 9. Be2 O-O 10. O-O b6 11. Be3 Bb7 12. Rc1 Ne5 13. f3 Rc8 14. Qd4 Ned7 15.
Rfd1 Qc7 16. Nab1 Qb8 17. b4 Rfe8 18. a3 h6 19. Nd2 Bd8 20. Nf1 Bc7 21. Qd2
Red8 22. Qe1 Ne5 23. Qf2 {Diagram #} d5 24. cxd5 exd5 25. Nxd5 Bxd5 26. exd5 b5
27. Bc5 Rxd5 28. Ng3 Rcd8 29. Rxd5 Nxd5 30. Ba7 Qb7 31. Rd1 {Diagram #} Nb6 32.
Rxd8+ Bxd8 33. Qd4 Bc7 34. f4 Ned7 35. Nf5 Nf6 36. g4 Qxa7 37. g5 hxg5 38. fxg5
Ne8 39. Ne7+ Kf8 40. Nc6 {Diagram #} Bxh2+ 41. Kh1 Qc7 42. Bf3 Bf4 43. Qc5+ Nd6
44. Qc2 Kg8 45. g6 Qd7 46. Kg2 Nbc4 47. Qc3 Ne3+ 48. Kg1 Qh3 49. gxf7+ Kf8 0-1

[Event "11th Dubai Open 2009"]
[Site "Dubai"]
[Date "2009.05.04"]
[Round "9.18"]
[White "Mamedjarova, Turkan"]
[Black "Milanovic, Danilo"]
[Result "0-1"]
[WhiteElo "2255"]
[BlackElo "2564"]
[PlyCount "122"]
[EventDate "2009.04.26"]
[WhiteTeam "Rusia"]
[BlackTeam "Irán"]
[WhiteTeamCountry "RUS"]
[BlackTeamCountry "IRI"]

1. d4 Nf6 2. c4 c5 3. d5 b5 4. cxb5 a6 5. b6 g6 6. Nc3 d6 7. Qb3 Bb7 8. a4 a5
9. e4 Nbd7 10. Nf3 Bg7 11. Be2 O-O 12. O-O Qxb6 13. Nd2 Qxb3 14. Nxb3 Rfb8 15.
Bb5 Nb6 16. f3 Ne8 17. Bg5 Kf8 18. Bf4 Nc7 19. Be2 Bc8 20. Ra3 Bd7 21. Bd2 Bxa4
22. Nxa4 Nxa4 23. Rxa4 Rxb3 24. Bc3 Bxc3 25. bxc3 Rxc3 26. Rb1 Ra7 27. Kf2 e6
28. dxe6 Nxe6 29. Ke1 Nd4 30. Bd1 Rd3 31. Rb6 Ke7 32. Rb2 Nc6 33. Rb6 Nd4 34.
Rb8 h5 35. h4 Ne6 36. Rb5 Nf4 37. g3 Ne6 38. Be2 Rd4 39. Raxa5 Rxa5 40. Rxa5
Rb4 41. Ra7+ Kf6 42. Rd7 Nd4 43. Rxd6+ Ke7 44. Rd5 Rb1+ 45. Bd1 Nxf3+ 46. Kf2
Nd4 47. Ke1 Ne6 48. Kf2 Rb4 49. Ke3 Rd4 50. g4 hxg4 51. Bxg4 Rxd5 52. exd5 Nc7
53. Bf3 Kd6 54. h5 gxh5 55. Bxh5 Nxd5+ 56. Kd2 f6 57. Bf7 Ke5 58. Kd3 Nb6 59.
Kc3 f5 60. Bh5 Ke4 61. Kd2 Kd4 0-1

[Event "11th Dubai Open 2009"]
[Site "Dubai"]
[Date "2009.05.04"]
[Round "9.19"]
[White "Gasanov, Eldar"]
[Black "Turova, Irina"]
[Result "1-0"]
[WhiteElo "2551"]
[BlackElo "2396"]
[PlyCount "71"]
[EventDate "2009.04.26"]
[WhiteTeam "Rusia"]
[BlackTeam "Irán"]
[WhiteTeamCountry "RUS"]
[BlackTeamCountry "IRI"]

1. d4 Nf6 2. c4 e6 3. Nc3 Bb4 4. f3 Nh5 5. Nh3 f5 6. e3 O-O 7. Bd2 Nc6 8. a3
Be7 9. Be2 d6 10. d5 exd5 11. Nxd5 Nf6 12. Nxe7+ Qxe7 13. Nf4 Ne5 14. O-O Kh8
15. Qc2 c5 16. Rfe1 b6 17. Rad1 Bd7 18. Bc3 Rad8 19. b3 Kg8 20. Bf1 Bc8 21. Bb2
Rfe8 22. Qf2 Bb7 23. Qg3 Qf7 24. Rd2 a5 25. Red1 Qe7 26. Kh1 Bc6 27. a4 Neg4
28. fxg4 Ne4 29. Qf3 Nxd2 30. Qxc6 Nxf1 31. Rxf1 fxg4 32. Qd5+ Qf7 33. Qxf7+
Kxf7 34. Nd5+ Kg6 35. Kg1 h5 36. Bc3 {58 moves} 1-0

[Event "11th Dubai Open 2009"]
[Site "Dubai"]
[Date "2009.05.04"]
[Round "9.20"]
[White "Melkumyan, Hrant"]
[Black "Narayanan, Srinath"]
[Result "1-0"]
[WhiteElo "2528"]
[BlackElo "2381"]
[PlyCount "93"]
[EventDate "2009.04.26"]
[WhiteTeam "Rusia"]
[BlackTeam "Irán"]
[WhiteTeamCountry "RUS"]
[BlackTeamCountry "IRI"]

1. d4 Nf6 2. c4 e6 3. Nf3 b6 4. g3 Ba6 5. Qc2 c5 6. d5 exd5 7. cxd5 Bb7 8. Bg2
Nxd5 9. O-O Be7 10. Rd1 Qc8 11. a3 h6 12. e4 Nc7 13. Nc3 O-O 14. Bf4 Ne6 15.
Nd5 Re8 16. Bh3 Bd8 17. Be3 Nc7 18. Nc3 Bf6 19. Nd2 Qd8 20. Nc4 d5 21. Nxd5
Nxd5 22. exd5 b5 {Diagram #} 23. Qb3 Bd4 24. Qxb5 {Diagram #} Qxd5 25. Qxe8+
Kh7 26. f3 Qxf3 27. Bf1 Nd7 28. Qe7 Ne5 29. Rxd4 cxd4 30. Qxe5 Qh1+ 31. Kf2
Qxh2+ 32. Ke1 dxe3 33. Nxe3 Bc6 34. Rc1 Re8 35. Qf5+ Kg8 36. Qf2 Qh1 37. Rc3
Qe4 38. Kd2 Rd8+ 39. Rd3 Rb8 40. Kc1 Ba4 41. Qf4 Qc6+ 42. Kb1 Re8 43. Rc3 Qd7
44. Bd3 g6 45. Ka1 Bc6 46. Bb1 Re7 47. Ng4 1-0

[Event "11th Dubai Open 2009"]
[Site "Dubai"]
[Date "2009.05.04"]
[Round "9.21"]
[White "Poghosyan, Suren"]
[Black "Laxman, R R."]
[Result "1/2-1/2"]
[WhiteElo "2285"]
[BlackElo "2521"]
[PlyCount "62"]
[EventDate "2009.04.26"]
[WhiteTeam "Rusia"]
[BlackTeam "Irán"]
[WhiteTeamCountry "RUS"]
[BlackTeamCountry "IRI"]

1. d4 Nf6 2. c4 e6 3. Nc3 Bb4 4. e3 b6 5. Nge2 O-O 6. a3 Bxc3+ 7. Nxc3 Bb7 8.
d5 d6 9. Be2 c5 10. dxc6 Nxc6 11. O-O Rc8 12. b3 Qe7 13. a4 Rfd8 14. Ba3 a6 15.
Rc1 Na5 16. f3 Qe8 17. e4 {Diagram #} d5 18. cxd5 exd5 19. Nxd5 Nxd5 20. Rxc8
Bxc8 21. exd5 Qe3+ 22. Kh1 Nxb3 23. Qd3 Qxd3 24. Bxd3 Nc5 25. Bxc5 bxc5 26. Bc4
Kf8 27. Rb1 Bf5 28. Rb6 Be6 29. Rb1 Bf5 30. Rb6 Be6 31. Rb1 Bf5 1/2-1/2

[Event "11th Dubai Open 2009"]
[Site "Dubai"]
[Date "2009.05.04"]
[Round "9.23"]
[White "Brkic, Ante"]
[Black "Bajarani, Ulvi"]
[Result "1/2-1/2"]
[WhiteElo "2541"]
[BlackElo "2331"]
[PlyCount "79"]
[EventDate "2009.04.26"]
[WhiteTeam "Rusia"]
[BlackTeam "Irán"]
[WhiteTeamCountry "RUS"]
[BlackTeamCountry "IRI"]

1. e4 e6 2. d4 d5 3. Nc3 Nf6 4. e5 Nfd7 5. f4 c5 6. Nf3 Nc6 7. Be3 Be7 8. Qd2
O-O 9. Be2 a6 10. O-O b5 11. a3 Qb6 12. Rad1 cxd4 13. Nxd4 Bc5 14. Bg4 f5 15.
exf6 Nxf6 16. Bf3 Bd7 17. Rfe1 Rac8 18. Nxc6 Rxc6 19. f5 Rd6 20. Bxc5 Qxc5+ 21.
Qd4 Qxd4+ 22. Rxd4 exf5 23. Nxd5 Kh8 24. Red1 Nxd5 25. Rxd5 Rxd5 26. Bxd5 g6
27. Re1 Rf6 28. Kf2 Rd6 29. Bf3 Kg7 30. Re7+ Kg8 31. Ke3 g5 32. g3 h6 33. b3
Kf8 34. Re5 Be6 35. Rc5 Ke7 36. Rc7+ Kf6 37. Rh7 Ke5 38. Rc7 Kf6 39. Rc5 Rb6
40. Kd4 1/2-1/2

[Event "11th Dubai Open 2009"]
[Site "Dubai"]
[Date "2009.05.04"]
[Round "9.25"]
[White "Salem, A R  Saleh"]
[Black "Hassan, Abdullah"]
[Result "1-0"]
[WhiteElo "2479"]
[BlackElo "2322"]
[PlyCount "65"]
[EventDate "2009.04.26"]
[WhiteTeam "Rusia"]
[BlackTeam "Irán"]
[WhiteTeamCountry "RUS"]
[BlackTeamCountry "IRI"]

1. e4 e6 2. d4 d5 3. Nc3 Nc6 4. Be3 Bb4 5. e5 f6 6. Bd3 Qe7 7. Nf3 Bd7 8. O-O
O-O-O 9. Ne2 Qf7 10. c4 Be7 11. cxd5 exd5 12. Rc1 Kb8 13. Qb3 Nb4 14. Bb1 Bb5
15. Rfe1 Bc4 16. Qc3 Nc6 17. a3 Nh6 18. h3 a5 19. Bd3 Bxd3 20. Qxd3 fxe5 21.
dxe5 d4 22. Nexd4 Nxd4 23. Bxd4 Qe6 24. Qc3 Rd7 25. Qxa5 b6 26. Qb5 Kb7 27. Rc2
Rf8 28. Rec1 Rxf3 29. gxf3 Nf5 30. Bxb6 {Diagram #} cxb6 31. Rc6 Rd1+ 32. Rxd1
Qxc6 33. Rd7+ 1-0

[Event "11th Dubai Open 2009"]
[Site "Dubai"]
[Date "2009.05.04"]
[Round "9.26"]
[White "Kayumov, Sergey"]
[Black "Mamedjarova, Zeinab"]
[Result "0-1"]
[WhiteElo "2450"]
[BlackElo "2316"]
[PlyCount "48"]
[EventDate "2009.04.26"]
[WhiteTeam "Rusia"]
[BlackTeam "Irán"]
[WhiteTeamCountry "RUS"]
[BlackTeamCountry "IRI"]

1. e4 d6 2. d4 g6 3. c3 Nf6 4. Bd3 Bg7 5. Nf3 O-O 6. O-O c5 7. dxc5 dxc5 8. e5
Nd5 9. Be4 Nb6 10. Qe2 Qc7 11. Na3 Nc6 12. Nb5 Qb8 13. Be3 a6 14. Bxc6 bxc6 15.
Na3 Bg4 16. h3 Bxf3 17. Qxf3 Bxe5 18. Bxc5 Nd7 19. Bxe7 Re8 20. Bh4 Qxb2 21.
Rad1 Qxa3 22. Rxd7 Qxa2 23. Qxc6 Rac8 24. Qb7 Bxc3 {50 moves} 0-1

[Event "11th Dubai Open 2009"]
[Site "Dubai"]
[Date "2009.05.04"]
[Round "9.29"]
[White "Girinath, P D S."]
[Black "Pourkashiyan, Atousa"]
[Result "0-1"]
[WhiteElo "2404"]
[BlackElo "2273"]
[PlyCount "42"]
[EventDate "2009.04.26"]
[WhiteTeam "Rusia"]
[BlackTeam "Irán"]
[WhiteTeamCountry "RUS"]
[BlackTeamCountry "IRI"]

1. f4 c5 2. Nf3 Nc6 3. g3 g6 4. e4 Bg7 5. c3 d5 6. e5 d4 7. d3 f6 8. cxd4 Nxd4
9. Nxd4 Qxd4 10. Nc3 fxe5 11. Qb3 Nf6 12. Nb5 Qd8 13. fxe5 Ng4 {Diagram #} 14.
d4 a6 15. h3 Nh6 16. d5 axb5 17. e6 O-O 18. Bxb5 Nf5 19. Bd3 Nd4 20. Qc4 b6 21.
Kd1 Ba6 0-1

[Event "11th Dubai Open 2009"]
[Site "Dubai"]
[Date "2009.05.04"]
[Round "9.30"]
[White "Zozulia, Anna"]
[Black "Grover, Sahaj"]
[Result "1/2-1/2"]
[WhiteElo "2371"]
[BlackElo "2234"]
[PlyCount "74"]
[EventDate "2009.04.26"]
[WhiteTeam "Rusia"]
[BlackTeam "Irán"]
[WhiteTeamCountry "RUS"]
[BlackTeamCountry "IRI"]

1. e4 e6 2. d4 d5 3. exd5 exd5 4. Nf3 Bd6 5. Bd3 Ne7 6. O-O Nbc6 7. c3 Bg4 8.
Bg5 f6 9. Bh4 Qd7 10. Nbd2 Bf5 11. Qc2 O-O-O 12. Bg3 Bxd3 13. Qxd3 Nf5 14. Bxd6
Nxd6 15. b4 Qf5 16. Qxf5+ Nxf5 17. Nb3 Nd6 18. a4 b6 19. Nfd2 Rhe8 20. Rfe1 Kd7
21. Rxe8 Rxe8 22. Kf1 Ra8 23. Ke2 a5 24. bxa5 Nxa5 25. Nxa5 Rxa5 26. Nb3 Ra8
27. a5 bxa5 28. Rxa5 Rxa5 29. Nxa5 Ne4 30. c4 Ke6 31. c5 Kd7 32. Ke3 Ng5 33.
Nb3 Ne6 34. Nc1 Kc6 35. Ne2 Kb5 36. Kd3 Kb4 37. g3 Kb3 1/2-1/2

[Event "11th Dubai Open 2009"]
[Site "Dubai"]
[Date "2009.05.04"]
[Round "9.31"]
[White "Partac, Elena"]
[Black "Sethuraman, S P."]
[Result "0-1"]
[WhiteElo "2171"]
[BlackElo "2451"]
[PlyCount "68"]
[EventDate "2009.04.26"]
[WhiteTeam "Rusia"]
[BlackTeam "Irán"]
[WhiteTeamCountry "RUS"]
[BlackTeamCountry "IRI"]

1. e4 e5 2. Nf3 Nc6 3. Bb5 a6 4. Ba4 Nf6 5. Bxc6 dxc6 6. d3 Bd6 7. Nbd2 O-O 8.
Nc4 Re8 9. Bg5 h6 10. Bh4 b5 11. Ne3 Bb4+ 12. c3 Bf8 13. Bg3 Nd7 14. O-O g6 15.
Ne1 Bg7 16. Qe2 Nc5 17. f4 exf4 18. Bxf4 Qe7 19. g4 Bb7 20. Nf3 Rad8 21. Rad1
Ne6 22. Be5 Bxe5 23. Nxe5 Ng5 24. Nf3 Nh3+ 25. Kh1 Nf4 26. Qc2 c5 27. c4 {
Diagram #} Rxd3 28. Nd5 Bxd5 29. exd5 Qe4 30. Rxd3 Nxd3 31. Qg2 bxc4 32. h4
Qxd5 33. g5 h5 34. Qg3 Re3 {53 moves} 0-1

[Event "11th Dubai Open 2009"]
[Site "Dubai"]
[Date "2009.05.04"]
[Round "9.32"]
[White "Arellano, Robert"]
[Black "Nasri, Amin"]
[Result "0-1"]
[WhiteElo "2094"]
[BlackElo "2336"]
[PlyCount "70"]
[EventDate "2009.04.26"]
[WhiteTeam "Rusia"]
[BlackTeam "Irán"]
[WhiteTeamCountry "RUS"]
[BlackTeamCountry "IRI"]

1. d4 d5 2. f4 g6 3. Nf3 Bg7 4. e3 c5 5. c3 Nh6 6. Bb5+ Bd7 7. Qa4 O-O 8. Ne5
Bf5 9. O-O Qc7 10. Be2 f6 11. Nd3 Nd7 12. Nd2 e5 13. Nxc5 Nxc5 14. dxc5 Qxc5
15. Nb3 Qb6 16. Qa5 Be6 17. Qxb6 axb6 18. Nd2 Nf5 19. Bg4 h5 20. Bh3 g5 {
Diagram #} 21. e4 dxe4 22. fxg5 fxg5 23. Bxf5 Bxf5 24. Re1 Rad8 25. Nf1 Bf6 26.
Be3 Rd6 27. Ng3 Bg6 28. Bf2 Rd2 29. Nxe4 Rxb2 30. Bg3 h4 31. Nxf6+ Rxf6 32.
Bxe5 Rff2 33. Re3 Rxg2+ 34. Kh1 Be8 35. c4 Bc6 0-1

[Event "11th Dubai Open 2009"]
[Site "Dubai"]
[Date "2009.05.04"]
[Round "9.33"]
[White "Zakurdjaeva, Irina"]
[Black "Mona, Khaled"]
[Result "1-0"]
[WhiteElo "2288"]
[BlackElo "2084"]
[PlyCount "89"]
[EventDate "2009.04.26"]
[WhiteTeam "Rusia"]
[BlackTeam "Irán"]
[WhiteTeamCountry "RUS"]
[BlackTeamCountry "IRI"]

1. e4 e5 2. Nf3 Nc6 3. Bb5 Nge7 4. O-O d6 5. d4 Bd7 6. c3 Ng6 7. Re1 Be7 8.
Nbd2 O-O 9. Nf1 Bf6 10. d5 Nb8 11. Bc4 Ne7 12. h3 g6 13. Bh6 Bg7 14. Qd2 f5 15.
Bxg7 Kxg7 16. exf5 Bxf5 17. N1h2 h6 18. Qe2 Rf6 19. Rad1 g5 {Diagram #} 20. Nd4
Nd7 21. Ne6+ Bxe6 22. dxe6 Nc5 23. Ng4 Rf5 24. b4 Na4 25. Qc2 Qe8 26. Bb3 Nb6
27. c4 Rd8 28. c5 Nbc8 29. cxd6 cxd6 30. Qc7 Qf8 31. Nxe5 Nb6 32. Nf7 Rc8 33.
Qxd6 Qe8 34. Qd4+ Rf6 35. Nd6 Qg6 36. Nxc8 Nbxc8 37. Rc1 Nf5 38. Qe5 Nce7 39.
Rc7 g4 40. hxg4 Qxg4 41. Bc2 Qxb4 42. Bxf5 Kg8 43. Qxf6 Qxe1+ 44. Kh2 Qb4 45.
Qf7+ 1-0